| 000 | 01450nam0a22003251 4500 | ||
|---|---|---|---|
| 001 | rc\4068791 | ||
| 005 | 20130415152603.3 | ||
| 021 |
_aRU _b[51-33440] |
||
| 035 | _a(NLR Aleph) 008118250 | ||
| 090 |
_a9347919 _c9347919 |
||
| 100 | _a20130415d1951 |||y0rusy50 ca | ||
| 101 | 0 | _arus | |
| 102 | _aRU | ||
| 105 | _ac z ||||| | ||
| 200 | 1 |
_aНародный артист СССР лауреат Сталинских премий Николай Константинович Симонов _fВсерос. театр. о-во. Ленингр. отд-ние |
|
| 210 |
_aЛенинград _cБ. и. _d1951 |
||
| 215 |
_a80 с., 1 л. портр. _cпортр. _d20 |
||
| 225 | 1 |
_aМастера ленинградской сцены _eМонографии _fПод общ. ред. Е. Кузнецова [и др.] |
|
| 300 | _aНа обл. авт. не указан | ||
| 300 | _aНа обл. загл.: Николай Константинович Симонов | ||
| 512 | 0 | _aНиколай Константинович Симонов | |
| 606 |
_aРусское актерское искусство _2psbo |
||
| 606 |
_aАктеры русские _2psbo |
||
| 700 | 1 |
_aОстроухов _bС. Л. _gСергей Львович |
|
| 702 | 1 |
_aСимонов _bН. К. _gНиколай Константинович _4570 |
|
| 801 | 0 |
_aRU _bNLR _gpsbo |
|
| 801 | 1 |
_aRU _bELAR _2rusmarc |
|
| 852 |
_aNLR _jИс70 Г-4/276 |
||
| 942 | _cBOOK | ||
| 980 | _aNB | ||